000 00818nam a2200253Ia 4500
003 OSt
005 20220923211515.0
006 a|||||r|||| 00| 0
007 ta
008 220922b |||||||| |||| 00| 0 hin d
020 _a9789380405056 (hbk)
_c175
024 _a240,979
037 _b426, 16/01/2010, Eastern Book Linkers
_cTextual
040 _aARTS
_cARTS
_bhin
041 _2hin
_ahin
082 _aO151D40,1, 152Q0
100 _aराजेश अनुपम
_9156290
245 0 _aमेघदूतम्
246 _aMeghadūtam
260 _aजयपुर
_b ग्रन्थ विकास
_c2010
300 _a135पृ.
_ccm.
942 _hO151D40,1, 152Q0
_cTEXL
_2CC
999 _c300242
_d300242